Bilecik Bilecik Bilecik Bilecik Bilecik

Konuşmalar/ (Record no. 49261)

MARC details
000 -BAŞLIK
Sabit Uzunluktaki Kontrol Alanı 01145nam a22003617a 4500
001 - KONTROL NUMARASI
Control Dosyası 0049423
003 - KONTROL NUMARASI KİMLİĞİ
Kontrol Alanı KOHA_MİRAKIL
005 - EN SON İŞLEM TARİHİ ve ZAMANI
Kontrol Alanı 20260207003652.0
007 - FİZİKSEL TANIM SABİT ALAN - GENEL BİLGİ
Sabit uzunluklu kontrol alanı ta
008 - SABİT UZUNLUKTAKİ VERİ ÖGELERİ - GENEL BİLGİ
Sabit Alan 150629b2009 tu |||gr||||#0|||1|tur |
040 ## - KATALOGLAMA KAYNAĞI
Özgün Kataloglama Kurumu TR-BiSEU
Kataloglama Dili tur
Çeviri Kurumu TR-BiSEU
Açıklama Kuralları rda
041 0# - DİL KODU
Metin ya da ses kaydının dil kodu tur
044 ## - YAYINLAYAN/ÜRETEN KURULUŞUN ÜLKE KODU
ISO country code tu
050 ## - SINIFLAMA ve YER NUMARASI
Sınıflama Numarası PL248.K57
Yer Numarası Z47 2009
100 1# - KİŞİ ADI
Yazar Adı (Kişi adı) Kısakürek, Necip Fâzıl.
245 1# - ESER ADI BİLDİRİMİ
Başlık Konuşmalar/
Sorumluluk Bildirimi Necip Fâzıl Kısakürek ; Necip Fazıl Kısakürek..
250 ## - BASIM BİLDİRİMİ
Basım Bildirimi 5. Basım.
264 #1 - ÜRERİM, YAYIN, DAĞITIM ve TELİF BİLDİRİMİ
Yayın yeri İstanbul :
Yayınlayan B.D. Yayınları
Yayın tarihi 2009
300 ## - FİZİKSEL TANIMLAMA
Sayfa, Cilt vb. 267 sayfa ;
Boyutları 20 cm.
336 ## - İÇERİK TÜRÜ
Content type term metin
Content type code txt
Source rdacontent
337 ## - MEDYA TÜRÜ
Media type term aracısız
Media type code n
Source rdamedia
338 ## - TAŞIYICI TÜRÜ
Carrier type term cilt
Carrier type code nc
Source rdacarrier
490 1# - DİZİ BİLDİRİMİ
Dizi Bildirimi Büyük Doğu yayınları ;
Cilt Numarası 65.
490 1# - DİZİ BİLDİRİMİ
Dizi Bildirimi Fikir/Eser ;
Cilt Numarası 71.
490 1# - DİZİ BİLDİRİMİ
Dizi Bildirimi Bütün Eserleri ;
Cilt Numarası 46
650 #0 - KONU BAŞLIĞI EK GİRİŞ - KONU TERİMİ
Konusal terim veya coğrafi ad Kısakürek, Necip Fâzıl, 1904-1983.--Interviews.
9 (RLIN) 90916
650 #0 - KONU BAŞLIĞI EK GİRİŞ - KONU TERİMİ
Konusal terim veya coğrafi ad Authors, Turkish--20th century--Interviews.
9 (RLIN) 90917
830 1# - SERİ EK GİRİŞİ - TEKBİÇİM ESER ADI
Tekbiçim Başlık Büyük Doğu yayınları ;
Volume number/sequential designation 65.
9 (RLIN) 16601
830 1# - SERİ EK GİRİŞİ - TEKBİÇİM ESER ADI
Tekbiçim Başlık Fikir/Eser ;
Volume number/sequential designation 71.
9 (RLIN) 90897
830 1# - SERİ EK GİRİŞİ - TEKBİÇİM ESER ADI
Tekbiçim Başlık Bütün Eserleri ;
Volume number/sequential designation 46
9 (RLIN) 90898
907 ## - LOCAL DATA ELEMENT G, LDG (RLIN)
a Roman
942 ## - EK GİRİŞ ÖGELERİ (KOHA)
Source of classification or shelving scheme Library of Congress Classification
Koha item type Book
Holdings
Materyal Türü Kalıcı Konum Mevcut Konum Raf Yeri Sınıflandırma Kaynağı Edinim Bilgisi Ana Konular Alt Konular Yer Numarası Demirbaş Numarası Fatura Tarihi Maliyet, Alış Fiyatı Maliyet, Yenileme Fiyatı Geri Çekilme Durumu Kayıp Durumu Hasarlı Durumu Kredi için değil Kayıt Tarih Toplam Ödünçverme Son Görülme Tarihi Son Kontrol Tarihi Satın Alma Notu
Book Prof. Dr. Azmi Özcan Kütüphanesi Prof. Dr. Azmi Özcan Kütüphanesi Birûni Salonu Library of Congress Classification Satın DİL VE EDEBİYAT Doğu Asya, Afrika, Okyanusya Dilleri ve Edebiyatları PL248.K57 Z47 2009 0049423 07/07/2015 9.93 9.93         29/06/2015 8 05/12/2024 05/12/2024 B-984687 - B-984797